L'encyclopedie des styles d'hier et d'aujourd'hui
Spremljeno u:
| Format: | Knjiga |
|---|---|
| Jezik: | Undetermined |
| Izdano: |
Paris
Culture, Art, Loisirs
1969
|
| Teme: | |
| Oznake: |
Dodaj oznaku
Bez oznaka, Budi prvi tko označuje ovaj zapis!
|
| Thư viện lưu trữ: | Trung tâm Học liệu Trường Đại học Cần Thơ |
|---|
| LEADER | 00445nam a2200145Ia 4500 | ||
|---|---|---|---|
| 001 | CTU_104575 | ||
| 008 | 210402s9999 xx 000 0 und d | ||
| 082 | |a 745.403 | ||
| 082 | |b E56 | ||
| 245 | 0 | |a L'encyclopedie des styles d'hier et d'aujourd'hui | |
| 260 | |a Paris | ||
| 260 | |b Culture, Art, Loisirs | ||
| 260 | |c 1969 | ||
| 650 | |a Decoration and ornament,Trang trí và trang trí | ||
| 980 | |a Trung tâm Học liệu Trường Đại học Cần Thơ | ||